书目信息 |
| 题名: |
实用太阳能热水器
|
|
| 作者: | 邵家骧 编著 | |
| 分册: | ||
| 出版信息: | 上海 上海科学技术出版社 1983 |
|
| 页数: | 151页 | |
| 开本: | 19cm | |
| 丛书名: | ||
| 单 册: | ||
| 中图分类: | TK513.5 | |
| 科图分类: | ||
| 主题词: | 太阳能--技术 | |
| 电子资源: | ||
| ISBN: | ||
| 000 | 00703nam0 2200253 45 | |
| 001 | 0183000521 | |
| 005 | 20040520155935.3 | |
| 010 | @dCNY0.43 | |
| 091 | @a15119.2268 | |
| 100 | @a19950515d1983 em y0chiy0121 ea | |
| 101 | 0 | @achi |
| 102 | @aCN@b310000 | |
| 105 | @ay z 000yy | |
| 106 | @ar | |
| 200 | 10 | @a实用太阳能热水器@Ashi yong tai yang neng re shui qi@f邵家骧编著 |
| 210 | @a上海@c上海科学技术出版社@d1983 | |
| 215 | @a151页@d19cm | |
| 517 | 1 | @a太阳能热水器@Atai yang neng re shui qi |
| 606 | 0 | @a太阳能@x技术 |
| 690 | @aTK513.5 | |
| 701 | 0 | @a邵家骧@Ashao jia xiang@4编著 |
| 801 | 0 | @aCN@b上海图书馆@c20040520 |
| 801 | 2 | @aCN@bNLC@c20040520 |
| 905 | @f2@b149062-063@dTK513.5@e22 | |
| 实用太阳能热水器/邵家骧编著.-上海:上海科学技术出版社,1983 |
| 151页;19cm |
| ISBN :CNY0.43 |
| ● |
| 相关链接 |
|
|
|
|
正题名:实用太阳能热水器
索取号:TK513.5/22
 
预约/预借
| 序号 | 登录号 | 条形码 | 馆藏地/架位号 | 状态 | 备注 |
| 1 | 0149062 | 001366346 | 第三借阅区/ [索取号:TK513.5/22] | 在馆 | |
| 2 | 0149063 | 001366382 | 第三借阅区/ [索取号:TK513.5/22] | 在馆 | |
| 3 | 0149162 | 001366346 | 第三借阅区/ [索取号:TK513.5/22] | 在馆 | |
| 4 | 0149163 | 001366382 | 第三借阅区/ [索取号:TK513.5/22] | 在馆 | |
| 5 | 0149164 | 001366426 | 第二样本阅览室/ [索取号:TK513.5/22] | 在馆 |